000 00649nam a2200217 u 4500
005 20240228064336.0
008 190226s2000 ea r 000 0 spa d
020 _a0021860793
035 _aUPN01000229290
049 _aI
050 4 _aPZ78
_bA8.2
100 1 _aArvelo, Wanda I. de Jesús
_942858
245 1 1 _a¡Buenas noches! /
_cWanda I. De Jesús Arvelo ; il. Mariano Gil.
260 _aNew York :
_bMcGraw-Hill,
_c[200-?.].
300 _a16 p. :
_bil. col.
440 0 _aLibros por nivel
650 4 _aLibros y lectura para niños
_92290
650 7 _aLibros ilustrados para niños
_2
_921365
905 _aInfantil
999 _c201385
_d201385